00435nam a2200181Ia 4500008004100000020001800041050001400059100002900073245002100102245002900123260001500152260001600167260000900183300001600192300002700208300001000235500000800245170918s9999 xx 000 0 und d a9780439221887 bC978 1999 aCurtis, Christopher Paul aBud, not Buddy / cChristopher Paul Curtis. aNew York : bScholastic, c1999 a243 pages : bcolored illustration ; c19cm. a950